| 000 | 00536nam a2200181Ia 4500 | ||
|---|---|---|---|
| 003 | GCL | ||
| 008 | 140319s9999 xx 000 0 eng d | ||
| 040 |
_aGCL / _cGCL |
||
| 082 | 0 | 4 |
_a341.23 _bS U |
| 100 | 1 | _aSKOLD, NILS | |
| 245 | 1 | 0 |
_aUNITED NATIONS PEACEKEEPING AFTER THE SUEZ WAR: UNEF 1: THE SWEDISH INVOLVEMENT / _cSKOLD, NILS |
| 260 |
_a[S.N] : _bHURST COMPANY ، _c1996 |
||
| 300 | _a230 P | ||
| 650 | 0 | 4 | _aINTERNATIONAL LAW |
| 650 | 0 | 4 | _aUNITED NATIONS - SWEDEN |
| 650 | 0 | 4 | _aUNITED NATIONS - ARMED FORCES |
| 942 |
_2ddc _cBK |
||
| 999 |
_c13296 _d13296 |
||